• 首页
  • 本馆介绍
  • 公告通知
  • 最新文献
  • 馆藏检索
  • 电子资源
  • 读者导购
  • 参考咨询
  • 我的图书馆
  • 登录
  • 详细信息显示
  • 放入我的书架
  • 预约/预借图书
  • 作者相关作品
  • 分类相关作品
  • 丛书相关作品
  • 出版社相关作品

书目信息

  • 表格格式
  • 工作单格式
  • 卡片格式
题名:
中国近代铁路史资料
    
 
作者: 宓汝成 编
分册: 第一册  
出版信息: 北京   中华书局  1963
页数: 340页
开本: 21cm
丛书名: 中国社会科学院经济研究所中国近代经济史参考资料丛刊
单 册:
中图分类: F532.9
科图分类:
主题词: 铁路运输-交通运输史--中国--1863~1911--史料 , 交通运输史-铁路运输--中国--1863~1911--史料
电子资源:
ISBN:
000 00903nam2 2200277 45
001 0184013177
005 20040430143658.2
010    @dCNY5.801
091    @a11018.295
100    @a19950612e19841963emky0chiy0121 ea
101 0  @achi
102    @aCN@b110000
105    @ay z 000yy
106    @ar
200 10 @a中国近代铁路史资料@h第一册@Azhong guo jin dai tie lu shi zi liao@e1863-1911@f宓汝成编
210    @a北京@c中华书局@d1963@h1984重印
215    @a340页@d21cm
225 2  @a中国社会科学院经济研究所中国近代经济史参考资料丛刊@h第七种
410  0 @120010@a中国社会科学院经济研究所中国近代经济史参考资料丛刊
606    @a铁路运输-交通运输史@y中国@z1863~1911@x史料
606    @a交通运输史-铁路运输@y中国@z1863~1911@x史料
690    @aF532.9@v3
701  0 @a宓汝成@Ami ru cheng@4编
801  0 @aCN@b上海图书馆@c20040430
801  2 @aCN@bNLC@c20040430
905    @dF532.9@e1:1@f1@b106304
    
    中国近代铁路史资料.第一册:1863-1911/宓汝成编.-北京:中华书局,1963(1984重印)
    340页;21cm.-(中国社会科学院经济研究所中国近代经济史参考资料丛刊.第七种)
    
    
    ISBN :CNY5.801
    
●
相关链接 在E读中查询图书 在五车中查询图书 在当当中查询图书 在豆瓣中查询图书


正题名:中国近代铁路史资料     索取号:F532.9/1:1         预约/预借

序号 登录号 条形码 馆藏地/架位号 状态 备注
1 0106304   000487226   第一借阅区/ [索取号:F532.9/1:1] 在馆    
2 0106305   000488680   第一样本阅览室/ [索取号:F532.9/1:1] 在馆    
唐山师范学院图书馆 欢迎您!
大连网信软件有限公司© 版权所有